Mammary botryomycosis: two concomitant cases in mares: case report (Registro n. 300987)
[ somente texto ]
| 000 -LÍDER | |
|---|---|
| fixed length control field | 02918nab a2200337 i 4500 |
| 003 - CÓDIGO MARC DA AGÊNCIA CATALOGADORA | |
| Campo de controle | BR-BrBNA |
| 005 - DATA E HORA DA ÚLTIMA ATUALIZAÇÃO | |
| Campo de controle | 20240822114646.0 |
| 008 - CAMPO DE TAMANHO FIXO | |
| fixed length control field | 240822b2018 bl.|r|pooa||| 00| 0 eng | |
| 040 ## - FONTE DA CATALOGAÇÃO | |
| Agência catalogadora | BR-BrBNA |
| Idioma da catalogação | eng |
| 072 ## - CATEGORIA AGRIS | |
| Código AGRIS | L73 |
| Código do objeto | 5120 |
| 100 ## - ENTRADA PRINCIPAL - NOME PESSOAL | |
| Nome pessoal | Belli, C.B. |
| 100 ## - ENTRADA PRINCIPAL - NOME PESSOAL | |
| Nome pessoal | Fonte, J.S. |
| 100 ## - ENTRADA PRINCIPAL - NOME PESSOAL | |
| Nome pessoal | Torres, L.N. |
| 100 ## - ENTRADA PRINCIPAL - NOME PESSOAL | |
| Nome pessoal | Gondin, M.R. |
| 100 ## - ENTRADA PRINCIPAL - NOME PESSOAL | |
| Nome pessoal | Maiorka, P.C. |
| 100 ## - ENTRADA PRINCIPAL - NOME PESSOAL | |
| Nome pessoal | Fernandes, C.B. |
| 245 ## - TÍTULO PRINCIPAL | |
| Título principal | Mammary botryomycosis: two concomitant cases in mares: case report |
| 500 ## - NOTA GERAL | |
| Nota geral | Publicação online; 12 ref.; 2 illus.; Summaries (En, Pt) |
| 942 ## - ADDED ENTRY ELEMENTS (KOHA) | |
| Koha item type | |
| 520 ## - NOTA DE RESUMO | |
| Nota de conteúdo | <br/><br/>ABSTRACT - Mammary disorders in mares are rare and usually only one animal per paddock is affected. In this report, two mares with 7 and 9 years old, were concomitantly diagnosis of chronic pyogranulomatous mastitis, associated with the Splendore-Hoeppli reaction, indicative of botryomycosis a rare, chronic suppurative disease with microabscess formation, characterized by in vivo formation of eosinophilic materials around microorganisms or biologically inert material. Various bacteria can cause botryomycosis in horses, and the most frequently isolated one is Staphylococcus sp., particularly S. aureus. This report confirms the role of Staphylococcus sp.; however, specifically S. hyicus and S. cohnii that prior to the current report, had not been associated with cases of botryomycosis.<br/><br/><br/>Keywords: equine, mastitis, mammary gland, botryomycosis |
| 520 ## - NOTA DE RESUMO | |
| Nota de conteúdo | <br/><br/>RESUMO - Enfermidades mamárias em éguas são raras e, normalmente, apenas um animal é afetado. Neste relato, duas éguas, de sete e nove anos, foram diagnosticadas concomitantemente com mastite crônica piogranulomatosa, associada com reação de Splendore – Hoeppli, indicativa de botriomicose, uma doença crônica supurativa rara, com formação de microabscessos caracterizados pela presença de material eosinofílico em torno dos microrganismos ou de material biologicamente inerte. Várias bactérias podem causar botriomicose em cavalos, sendo Staphylococcus sp., particularmente S. aureus, as mais frequentemente isoladas. Este relato confirma o papel do Staphylococcus sp, no entanto este é o primeiro relato em que S. hyicus e S. cohnii foram identificados em lesões relacionadas à botriomicose.<br/><br/><br/>Palavras-chave: equino, mastite, glândula mamária, botriomicose |
| 650 ## - ASSUNTO - THESAGRO | |
| Cabeçalho tópico ou nome geográfico | ÉGUA |
| 650 ## - ASSUNTO - THESAGRO | |
| Cabeçalho tópico ou nome geográfico | DOENÇA ANIMAL |
| 650 ## - ASSUNTO - THESAGRO | |
| Cabeçalho tópico ou nome geográfico | MAMITE |
| 650 ## - ASSUNTO - THESAGRO | |
| Cabeçalho tópico ou nome geográfico | GLÂNDULA MAMÁRIA |
| 650 ## - ASSUNTO - THESAGRO | |
| Cabeçalho tópico ou nome geográfico | BACTÉRIA |
| 650 ## - ASSUNTO - THESAGRO | |
| Cabeçalho tópico ou nome geográfico | VETERINÁRIA |
| 773 0# - ENTRADA ANALÍTICA | |
| Host Biblionumber | 1643 |
| Registro do item | 317355 |
| Imprenta | Belo Horizonte-MG Universidade Federal de Minas Gerais - Escola de Veterinaria 1983 |
| Outro identificador | 2024-4007 |
| Título | Arquivo Brasileiro de Medicina Veterinária e Zootecnia (Brazil) |
| ISSN | 0102-0935 |
| Colação | v. 70(2) p. 342-346; (2018) |
| Número de controle de registro | BR2024002309 |
| 856 ## - ACESSO E ENDEREÇO ELETRÔNICO | |
| Identificador uniforme de recurso - URI | https://www.scielo.br/j/abmvz/a/JJvCDCZgYmqFRFdRmJmNYNH/?format=pdf&lang=en |
Nenhum exemplar disponível.

BINAGRI